Name All The Constellations (NEW) - Statistics

General Stats
  • This quiz has been taken 41 times
  • The average score is 52 of 89
Answer Stats
Answer % Correct
Leo
85%
Orion
85%
Andromeda
81%
Canis Major
81%
Canis Minor
81%
Capricornus
81%
Pisces
81%
Sagitta
81%
Gemini
77%
Leo Minor
77%
Aquarius
73%
Cancer
73%
Cepheus
73%
Eridanus
73%
Hercules
73%
Libra
73%
Lyra
73%
Sagittarius
73%
Taurus
73%
Ursa Major
73%
Virgo
73%
Aquila
69%
Draco
69%
Hydra
69%
Ursa Minor
69%
Aries
65%
Auriga
65%
Crux
65%
Lepus
65%
Sextans
65%
Boötes
62%
Camelopardalis
62%
Carina
62%
Cassiopeia
62%
Cetus
62%
Corona Australis
62%
Corona Borealis
62%
Corvus
62%
Cygnus
62%
Hydrus
62%
Indus
62%
Lupus
62%
Perseus
62%
Ara
58%
Octans
58%
Scorpius
58%
Triangulum
58%
Apus
54%
Canes Venatici
54%
Centaurus
54%
Coma Berenices
54%
Delphinus
54%
Lynx
54%
Monoceros
54%
Pegasus
54%
Triangulum Australe
54%
Vela
54%
Vulpecula
54%
Antlia
50%
Caelum
50%
Dorado
50%
Fornax
50%
Grus
50%
Lacerta
50%
Microscopium
50%
Pavo
50%
Puppis
50%
Pyxis
50%
Telescopium
50%
Volans
50%
Circinus
46%
Crater
46%
Equuleus
46%
Mensa
46%
Musca
46%
Ophiuchus
46%
Phoenix
46%
Pictor
46%
Piscis Austrinus
46%
Chamaeleon
42%
Columba
42%
Horologium
42%
Reticulum
42%
Sculptor
42%
Scutum
42%
Tucana
42%
Norma
38%
Serpens Caput
23%
Serpens Cauda
19%
No matching quizzes found
Score Distribution
Percent of People with Each Score
Percentile by Number Answered
Your Score History
You have not taken this quiz